Derecho global: por una historia verosímil de los derechos humanos
Salvato in:
| Autore principale: | |
|---|---|
| Natura: | Libro |
| Lingua: | spagnolo |
| Pubblicazione: |
Madrid
Editorial Trotta
2014
|
| Edizione: | 1a. ed |
| Serie: | Colección Estructuras y Procesos. Serie Derecho
|
| Soggetti: | |
| Tags: |
Aggiungi Tag
Nessun Tag, puoi essere il primo ad aggiungerne!!
|
MARC
| LEADER | 00000cam a2200000 a 4500 | ||
|---|---|---|---|
| 001 | UCC0708 | ||
| 003 | CL-VaPUC | ||
| 008 | 170825e20140000sp |||||||||||||||||spa|d | ||
| 020 | |a 9788498795035 | ||
| 082 | 0 | 4 | |a 323.4 |b CLA |2 21 |
| 100 | 0 | |a Clavero, Bartolomé |e author |9 594717 | |
| 245 | 1 | 0 | |a Derecho global: por una historia verosímil de los derechos humanos |
| 250 | |a 1a. ed | ||
| 300 | |a 236 p | ||
| 942 | |c BK | ||
| 945 | |d 20170825 13:52:00 |a arojas | ||
| 260 | |a Madrid |b Editorial Trotta |c 2014 | ||
| 650 | 0 | |a Derechos humanos |9 223025 | |
| 650 | 0 | |a Globalización |9 361930 | |
| 650 | 7 | |a CONSTITUCIONALIDAD |2 CL-VaPUC |9 255951 | |
| 583 | |a last modification |c 20170825 13:52:00 |k Rodrigo Vera | ||
| 490 | 0 | |a Colección Estructuras y Procesos. Serie Derecho | |
| 999 | |c 369461 |d 369459 | ||
| 952 | |0 0 |1 0 |3 erb |4 0 |6 323_400000000000000_CLA_2014 |7 0 |8 A |9 485274 |a BIBDER |b BIBDER |i 5418917 |o 323.4 CLA 2014 |p 5418917 |r 2023-01-25 |w 2019-11-24 |y BK |z Catalogado en:20170825 |k DER | ||